000
00229nam a2200097Ia 4500
008
230915s9999 xx 000 0 und d
050
_a
TR 149 .M58 1965
100
_a
MOORE JOHN
245
0
_a
DISCOVERING PHOTOGRAPHY
942
_c
BK
999
_c
205572
_d
205572